00313nam a2200097Ia 4500008004100000041000800041100002700049245006700076260005300143999001900196241105s9999 xx 000 0 und d aeng aYelpure Rashmi9184984 aSustainability Assessment Of An Existing Neighbourhood In Pune bBNCA M Arch Environment ArchitectureaPunec2023 c362084d362084